LEADER 01620nam a2200325 u 4500 001 000000065685 003 CaOOAMICUS 005 20070226121507.0 008 011213s2002 gw a u000 u ger u 020 $a3-11-017214-3 035 $a10913900 040 $aBAV$bita 041 0 $ager$afre 245 00$aEnde und Vollendung :$bEschatologische Perspektiven im Mittelalter /$cherausgegeben von Jan A. Aertsen und Martin Pickavé ; mit einem Beitrag zur Geschichte des Thomas-Instituts der Universität zu Köln anlässlich des 50. Jahrestages der Institutsgründung. 260 $aBerlin :$bW. de Gruyter,$c2002. 300 $axiii, 763 p. :$bill. ;$c25 cm 490 1 $aMiscellanea mediaevalia ;$vBd. 29 504 $aComprende indicazioni bibliografiche. 650 4$aEscatologia.$0(OLS)http://pul/subject/791 650 4$aTeologia e filosofia$yEvo medio.$0(OLS)http://pul/subject/4241 700 1 $aAertsen, Jan A.$0(OLS)http://pul/name/26621 700 1 $aPickavé, Martin.$0(OLS)http://pul/name/44169 710 2 $aUniversität zu Köln.$bThomas-Institut.$0(OLS)http://pul/name/12950 830 0$aMiscellanea mediaevalia,$x0544-4128 ;$vBd. 29.$0(OLS)http://pul/title/407 850 $aPUL 852 $aPUL$W1$xSL Filosofia 1$y2$m105(1) F 29$j85006$nBK-PRI$b $qStampati$B85006$CPULBib$Z2$F85006 $H $81 941 1 $a8 996 $6020$a3-11-017214-3$9(OLS)http://pul/number/85177 996 $6245$aEnde und Vollendung :$bEschatologische Perspektiven im Mittelalter$9(OLS)http://pul/title/87324 996 $6260$aBerlin :$bW. de Gruyter$9(OLS)http://pul/publisher/48032 LEADER 01089nam a2200253 u 4500 001 000000087593 003 CaOOAMICUS 005 20070226124425.0 008 051017s1955 be u000 u fre u 035 $a11064162 040 $aPUL(R)$bita 245 02$aL'Education /$cprésentation et tables par les moines de Solesmes ; préface de son Exc. Monseigneur Bornet. 260 $aTournai :$bDesclée,$c1955. 300 $aix, 510, 69 p. ;$c17 cm 490 1 $aLes enseignements pontificaux 504 $aInclude riferimenti bibliografici. 650 4$aEducazione cattolica.$0(OLS)http://pul/subject/1545 700 1 $aBornet, Etienne Marie,$cvesc. tit. di Tenedus,$dn. 1882.$0(OLS)http://pul/name/57149 830 4$aLes enseignements pontificaux.$0(OLS)http://pul/title/113315 850 $aPUL 852 $aPUL$W1$xDP1 Fondo Pastorale$y55$mP1 F 43$j111027$nBK-PRI$b $qFondi$B111027$CPULBib$Z2$F111027 $HPUL2539 $81 941 1 $a1 996 $6245$aL'Education$9(OLS)http://pul/title/113327 996 $6260$aTournai :$bDesclée$9(OLS)http://pul/publisher/50315